000 03444ngm a2200445 4500
001 DVD-7855-7863
003 dpl
005 20110819123022.0
006 a|||||r|||||00| 0
007 DVD
008 ||||||sp199 xxu|||||c ||| 00| 0 engd
010 _aDVD-7855-7863
024 _a1100357
_c599.00
035 _aDVD-7855-7863
037 _bPioneers Office Automation
040 _aDPL
_cDPL
082 _aDVD / GFOR
245 _aG-force /
_cDisney and Jerry Bruckhemer Films ; directed by Hoyt H. Yeatman; music by Trevur Rabin
_h[videorecording] DVD/
260 _bWalt Disney Stuios Home Entertainment
_aMumbai
300 _a1 videodisc DVD;(84.37 Min)
_bsd., col. ;
_c4 3/4 in.
_fDVD
306 _a84.37 Min
538 _aAspect Ratio: 2.4, Languages: English, English audio descriptive, Nederlands, Magyar, Vlaams, Subtitles: English, English audio descriptive, Nederlands, Magyar, Presentation Type: Widescreen, Presentaton Size: 16x9, Format: DVD 9
650 _aMotion Picture
_933049
700 _aYeatman, Hoyt H.
_933050
700 _a Rabin, Trevur
_933051
700 _aHellmann, Jason
_933052
700 _aNelson, Kathy
_933053
942 _cCF
_2ddc
_hDVD
_mGFOR
999 _c55702
_d55702